Microfísica del poder / (Record no. 124450)

MARC details
000 -CABECERA
campo de control de longitud fija 00667nam a2200229 a 4500
005 - FECHA Y HORA DE LA ÚLTIMA TRANSACCIÓN
campo de control 20240925064706.0
008 - ELEMENTOS DE LONGITUD FIJA--INFORMACIÓN GENERAL
campo de control de longitud fija 070926s1992 mx r 000 0 spa d
020 ## - NÚMERO INTERNACIONAL NORMALIZADO PARA LIBROS
Número Internacional Estándar del Libro 8477311021
035 ## - NÚMERO DE CONTROL DEL SISTEMA
Número de control de sistema UPN01000152327
049 ## - COLECCIÓN
Colección CG
050 #4 - SIGNATURA TOPOGRÁFICA DE LA BIBLIOTECA DEL CONGRESO
Número de clasificación JC179 F6
Número de documento/Ítem M5.38 1992
100 1# - ASIENTO PRINCIPAL--NOMBRE PERSONAL
Nombre de persona Foucault, Michel,
Fechas asociadas al nombre 1926-1984
245 10 - MENCIÓN DE TÍTULO
Título Microfísica del poder /
Mención de responsabilidad, etc. ed. y tr. de Julia Varela.
250 ## - MENCIÓN DE EDICIÓN
Mención de edición 3a ed.
260 ## - PUBLICACIÓN, DISTRIBUCIÓN, ETC.
Lugar de publicación, distribución, etc. Madrid :
Nombre del editor, distribuidor, etc. La Piqueta,
Fecha de publicación, distribución, etc. 1992.
300 ## - DESCRIPCIÓN FÍSICA
Extensión 200 p.
440 #0 - MENCIÓN DE SERIE/ASIENTO SECUNDARIO--TÍTULO
Título Genealogía del poder ;
Designación de volumen o secuencia 1
650 #4 - ASIENTO SECUNDARIO DE MATERIA - TERMINO TEMATICO
Término de materia o nombre geográfico como elemento de entrada Ciencias políticas
9 (RLIN) 6023
650 #4 - ASIENTO SECUNDARIO DE MATERIA - TERMINO TEMATICO
Término de materia o nombre geográfico como elemento de entrada Poder (Ciencias sociales)
9 (RLIN) 1203
700 1# - ASIENTO SECUNDARIO--NOMBRE DE PERSONAL
Nombre de persona Varela Fernández, Julia,
Término indicativo de función/relación ed.
9 (RLIN) 32029
905 ## - TIPO DE MATERIAL
Tipo de material Libro
Holdings
Estado de retiro Estado de pérdida Fuente del sistema de clasificación o colocación Estado dañado No para préstamo Código de colección Localización permanente Ubicación/localización actual Ubicación en estantería Total de préstamos Clasificación Código de barras Fecha visto por última vez Fecha del último préstamo Número de copia Tipo de ítem Koha
    Library of Congress Classification     Colección General Bib. Gregorio Torres Quintero Bib. Gregorio Torres Quintero Planta baja 31 JC179 F6 M5.38 1992 90981 27/01/2025 21/01/2025 1 Libro